Missing Word: Christopher Lee Quiz Stats

 Plays Quiz Updated Jul 16, 2019

Score 0/18 Timer 03:00
1 Play Today
Film Missing Word % Correct
The Lord of the Rings: The Two _____Towers
92.1%
Treasure _____Island
91.6%
The Man with the _____ GunGolden
89.8%
_____ HollowSleepy
89.8%
Star Wars: Episode III - Revenge of the _____Sith
89.3%
The House That Dripped _____Blood
85.8%
Dr. Terror's _____ of HorrorsHouse
85.2%
The Wicker _____Man/Tree
83%
The Vengeance of _____ ManchuFu
71.5%
Film Missing Word % Correct
Star Wars: Episode II - _____ of the ClonesAttack
69.3%
The Lord of the Rings: The _____ of the RingFellowship
68.5%
Return from _____ MountainWitch
67.4%
Castle of the _____ DeadLiving
67.3%
*_____ Bride*Corpse
63.9%
The Man Who Could _____ DeathCheat
61.7%
Howling II: ... Your Sister Is a _____Werewolf
61.4%
Rasputin: The Mad _____Monk
42.1%
The Curse of _____Frankenstein
33.4%

Today's Daily Dose

You're not logged in!

Compare scores with friends on all Sporcle quizzes.
OR
Log In

Sporcle TV

Today on Sporcle TV


Watch our educational content, quiz creation guides, and fun videos on Sporcle TV.

Show Comments

Extras

Top Quizzes Today


Score Distribution

Your Account Isn't Verified!

In order to create a playlist on Sporcle, you need to verify the email address you used during registration. Go to your Sporcle Settings to finish the process.

Report this User

Report this user for behavior that violates our Community Guidelines.

Details: